[Event "AUTO-OPEN-591"]
[Site "http://www.queenalice.com/game.php?id=182920"]
[Date "2007.3.16"]
[Round "1"]
[White "JeanBart"]
[Black "sergio2011"]
[Result "1-0"]
[WhiteElo "1903"]
[BlackElo "1300"]

1. e4 e5 2. Nf3 d6 3. d4 Nc6 4. dxe5 Nxe5 5. Nxe5 dxe5 6. Qxd8+ Kxd8 7. Bc4 f5
8. Nc3 Nf6 9. Bg5 Be7 10. exf5 Bxf5 11. O-O-O+ Bd6 12. Rhe1 Kd7 13. Rxe5 Bg6 14.
Re2 Rad8 15. Be6+ Kc6 16. Nd5 Rhe8 17. Nxf6 gxf6 18. Bd5+ Kb6 19. Rxe8 Rxe8 20.
Bxf6 Bxh2 21. g3 Re2 22. Bd4+ c5 23. Be3 Rxc2+ 24. Kb1 Rxf2+ 25. Ka1 Rc2 26. Bf4
a5 27. a3 h5 28. Bb3 Rg2 29. Rd6+ Kb5 30. Rxg6 h4 31. a4+ Kb4 32. Rb6# 1-0

[Event "Challenge"]
[Site "http://www.queenalice.com/game.php?id=194507"]
[Date "2007.4.10"]
[Round "-"]
[White "sergio2011"]
[Black "Alfram"]
[Result "0-1"]
[WhiteElo "1474"]
[BlackElo "1500"]

1. d4 Nf6 2. c4 d6 3. Nc3 g6 4. e4 Bg7 5. Nf3 O-O 6. Bf4 Nh5 7. Be3 Nd7 8. Bd3
e5 9. Rc1 Re8 10. Bb1 exd4 11. Bxd4 Ne5 12. Be3 Nxc4 13. Qe2 Nxe3 14. Qxe3 Nf6
15. Nb5 c6 16. Nc3 Bf5 17. O-O d5 18. Rcd1 Nxe4 19. Nxe4 Bxe4 20. Bxe4 Rxe4 21.
Qb3 Qb6 22. Rd3 Qxb3 23. Rxb3 b6 24. Rc1 Rae8 25. g3 c5 26. Kg2 Re2 27. Rb1 c4
28. Ra3 a5 29. Nd4 Bxd4 0-1

[Event "Challenge"]
[Site "http://www.queenalice.com/game.php?id=198850"]
[Date "2007.4.18"]
[Round "-"]
[White "silviopato"]
[Black "sergio2011"]
[Result "1-0"]
[WhiteElo "1870"]
[BlackElo "1416"]

1. e4 e5 2. d4 Nc6 3. dxe5 Nxe5 4. f4 Nc6 5. Nf3 Nh6 6. Bc4 Bc5 7. Ng5 O-O 8.
Nc3 d6 9. h3 Nd4 10. Na4 a6 11. Nxc5 dxc5 12. c3 Nc6 13. Qh5 Be6 14. Bxe6 Qf6
15. Bd5 Ne7 16. Bxb7 Ra7 17. e5 Qf5 18. Be4 Qd7 19. Bxh7+ 1-0

[Event "Challenge"]
[Site "http://www.queenalice.com/game.php?id=199704"]
[Date "2007.4.20"]
[Round "-"]
[White "Alfram"]
[Black "sergio2011"]
[Result "1-0"]
[WhiteElo "1691"]
[BlackElo "1416"]

1. c4 e5 2. Nc3 Nc6 3. Nf3 Nf6 4. d3 Bb4 5. a3 Bxc3+ 6. bxc3 O-O 7. Bg5 d6 8. g3
h6 9. Bd2 b6 10. Bg2 Bb7 11. O-O e4 12. Nd4 Na5 13. Nb3 Qe7 14. Nxa5 bxa5 15.
Qc2 exd3 16. exd3 Bxg2 17. Kxg2 Ng4 18. h3 Nf6 19. Rfe1 Qd7 20. Rab1 Rab8 21.
Be3 c5 22. a4 Rb6 23. f3 Rfb8 24. Rb5 a6 25. Rxb6 Rxb6 26. d4 Qb7 27. Bc1 cxd4
28. cxd4 d5 29. Ba3 dxc4 30. Qxc4 Rc6 31. Qd3 Qc8 32. Bc5 Nd7 33. Be7 Rc2+ 34.
Re2 Rc3 35. Qe4 Rc4 36. Ra2 Nb6 37. Bc5 Nxa4 38. Qe2 Nc3 39. Qxc4 1-0

[Event "AUTO-INT-433"]
[Site "http://www.queenalice.com/game.php?id=203003"]
[Date "2007.4.27"]
[Round "1"]
[White "sergio2011"]
[Black "Milton"]
[Result "1-0"]
[WhiteElo "1416"]
[BlackElo "1452"]

1. d4 Nf6 2. Nc3 g6 3. Bf4 Bg7 4. Nf3 d5 5. Qd2 Nc6 6. Bh6 Bxh6 7. Qxh6 Bg4 8.
O-O-O Qd6 9. Nb5 Bf5 10. Nxd6+ exd6 11. Ng5 O-O-O 12. Nxf7 Ng4 13. Qf4 Rhe8 14.
Nxd8 Rxd8 15. e3 Nb4 16. Bd3 Be6 17. h3 Rf8 18. Qxf8+ Kd7 19. Qg7+ Kc6 20. hxg4
Bxg4 21. Rdf1 Nxa2+ 22. Kd2 b5 23. Rxh7 1-0

[Event "AUTO-INT-433"]
[Site "http://www.queenalice.com/game.php?id=203004"]
[Date "2007.4.27"]
[Round "1"]
[White "Milton"]
[Black "sergio2011"]
[Result "0-1"]
[WhiteElo "1435"]
[BlackElo "1433"]

1. e4 e5 2. Nf3 Nc6 3. Bc4 Nf6 4. Ng5 d5 5. exd5 Nxd5 6. Qf3 f6 7. Bxd5 Nd4 8.
Qe4 Bf5 9. Bf7+ Ke7 10. Qxb7 Nxc2+ 11. Kd1 Nxa1 12. Nc3 fxg5 13. Qf3 Bc2+ 14.
Ke1 g6 15. Ne4 Bxe4 16. Qxe4 Kxf7 17. Qb1 Qd5 18. Rg1 Rd8 19. Qxa1 Bb4 20. a3
Bxd2+ 21. Ke2 Qd3+ 22. Kd1 Bc3+ 23. Bd2 Qxd2# 0-1

[Event "AUTO-INT-433"]
[Site "http://www.queenalice.com/game.php?id=203005"]
[Date "2007.4.27"]
[Round "1"]
[White "sergio2011"]
[Black "Nakgada"]
[Result "0-1"]
[WhiteElo "1429"]
[BlackElo "1509"]

1. e4 e5 2. Nf3 d6 3. d4 exd4 4. Qxd4 Nc6 5. Qa4 Bd7 6. Bb5 a6 7. Bxc6 Bxc6 8.
Qc4 Nf6 9. Ng5 Qe7 10. O-O Bb5 11. Qb3 Bxf1 12. Qxb7 Rd8 13. Kxf1 h6 14. Nf3
Nxe4 15. Qc6+ Rd7 16. Bf4 g5 17. Nc3 gxf4 18. Re1 Qd8 19. Nxe4 Be7 20. Qxa6 O-O
21. Qc4 d5 22. Nf6+ Bxf6 23. Qxf4 Bg7 24. Re3 Re8 25. Ne5 Rde7 26. Nc6 Rxe3 27.
fxe3 Qf6 0-1

[Event "AUTO-INT-433"]
[Site "http://www.queenalice.com/game.php?id=203006"]
[Date "2007.4.27"]
[Round "1"]
[White "Nakgada"]
[Black "sergio2011"]
[Result "1-0"]
[WhiteElo "1426"]
[BlackElo "1444"]

1. d4 d5 2. e3 Nf6 3. c4 c5 4. Nf3 Bg4 5. Be2 Bxf3 6. Bxf3 Na6 7. Qa4+ Nd7 8.
Bxd5 Rb8 9. Nc3 e6 10. Bf3 Bd6 11. Nb5 Qc7 12. Nxc7+ 1-0